000 00725nam a2200205Ia 4500
005 20260121110344.0
008 008 260114s9999 xx 000 0 hin d
020 _a9788132361459
037 _aEBOOK
040 _aCRL
_bhin
_cCRL
041 _ahin
_2hin
084 _qCRL
100 _aओमकार नाथ मिश्रा / Bandana Aatre
_9945161
245 0 _aमुद्रा एवं एक्यूप्रेसर: विधि एवं लाभ / Mudra aur acupressure: Vidhi aur laabh
260 _bभाषा प्रकाशन / Bhasha Prakashan
_c2021
856 _uhttps://bhashaprakashan.com/product-details/379096
942 _cEBOOK
999 _c1536825
_d1536825